Statistiques concernant Tous les romans CHERUB

Cliquez ici pour prendre le quiz!

Statistiques générales

  • Ce quiz a été pris 31 fois
  • Le résultat moyen est 12 sur 18

Statistiques - réponses

#Réponse% Correct
1100 Jours En Enfer
100%
3Arizona Max
88%
2Trafic
88%
17Commando Adams
77%
8Mad Dogs
73%
6Sang Pour Sang
73%
8 1/2Soleil Noir
73%
11Vandales
73%
9Crash
69%
5Les Survivants
69%
4Chute Libre
65%
12La Vague Fantôme
62%
10Le Grand Jeu
62%
13Le Clan Aramov
58%
7A La Dérive
54%
15Black Friday
50%
16Hors-La-Loi
46%
14L'Ange Gardien
46%

Distribution des résultats

Percentile par nombre de réponses

% des personnes avec chaque résultat

Votre développement - résultats

Vous n’avez pas pris ce quiz